|
|
|
|
| LEADER |
00661nab a2200193 i 4500 |
| 001 |
misc43827 |
| 005 |
20191106141227.0 |
| 008 |
180906s1993 hu o 0|| zxx d |
| 022 |
|
|
|a 1215-5233
|
| 040 |
|
|
|a SZTE Miscellanea Repozitórium
|b hun
|
| 041 |
|
|
|a zxx
|
| 100 |
1 |
|
|a Gecsényi Lajos
|
| 245 |
1 |
0 |
|a Bűnös nemzet?
|h [elektronikus dokumentum] /
|c Gecsényi Lajos
|
| 260 |
|
|
|c 1993
|
| 300 |
|
|
|a 171-172
|
| 490 |
0 |
|
|a Iskolakultúra
|v 3 No. 15-16
|
| 695 |
|
|
|a Magyarország története - 1918-1939 - tanulmányok - könyvismertetés
|
| 700 |
0 |
1 |
|a Varga József
|
| 856 |
4 |
0 |
|u http://misc.bibl.u-szeged.hu/43827/1/iskolakultura_1993_015_016_171-172.pdf
|z Dokumentum-elérés
|